000 00313nam a22001337a 4500
008 170926b xxu||||| |||| 00| 0 eng d
020 _a9780534646738
041 _aeng
080 _a37
100 _a46
101 _aEDU
245 _aSTEP BY STEP TO COLLEGE AND CAREER SUCCESS
_cGARDNER, J.N
942 _2udc
_cBK
999 _c29916
_d29916